| 000 | 01337cam a22003014a 4500 | ||
|---|---|---|---|
| 001 | 12377617 | ||
| 003 | OSt | ||
| 005 | 20251028105933.0 | ||
| 008 | 010412s2001 nyua b 001 0 eng | ||
| 010 | _a 2001031433 | ||
| 020 | _a0387952845 (alk. paper) | ||
| 040 |
_aDLC _cDDC _dDLC |
||
| 042 | _apcc | ||
| 082 | 0 | 0 | _a519.54 HAS 2001 |
| 100 | 1 |
_aHastie, Trevor; Tibshirani, Robert; Friedman, J. H. _915878 |
|
| 245 | 1 | 4 |
_aThe Elements of Statistical Learning: _bdata mining, inference, and prediction : with 200 full-color illustrations |
| 260 |
_aNew York; _bSpringer, _cc2001. |
||
| 300 |
_axvi, 533 p. : _bcol. ill. ; _c25 cm. |
||
| 440 | 0 |
_aSpringer series in statistics _915879 |
|
| 504 | _aBibliographical references, & indexes included | ||
| 650 | 0 |
_aStatistics _915880 |
|
| 650 | 0 |
_aData mining _9515 |
|
| 856 | 4 | 2 |
_3Publisher description _uhttp://www.loc.gov/catdir/enhancements/fy0813/2001031433-d.html |
| 856 | 4 | 1 |
_3Table of contents only _uhttp://www.loc.gov/catdir/enhancements/fy0813/2001031433-t.html |
| 906 |
_a7 _bcbc _corignew _d1 _eocip _f20 _gy-gencatlg |
||
| 942 |
_2ddc _cO_SHELF |
||
| 999 |
_c7794 _d7794 |
||